000 00667nam a22002177a 4500
003 OSt
005 20260116032334.0
008 260116b |||||||| |||| 00| 0 eng d
020 _a978-971-23-4736-8.
040 _aDWCL-Main lib
_cOC
082 _21st edition.
_aFil. 371.102 Ac173p 2007
100 _aAcero, Victoria O.
245 _aPrinciples of teaching I
_cAcero, Victoria O.
260 _aManila :
_bRex Book Store, Inc.,
_cc2007.
300 _aviii, 138 pages :
_billustration ;
_c22 cm.
650 _21. Education.
650 _22. Teaching.
700 _aJavier, Evelyn S.
700 _aCastro, Herminia O.
942 _2ddc
_cBK-FIL
_e1st edition.
_kFil.
_n0
999 _c7485
_d7485